[Event "Urals-ch (Women)"]
[Site "Russia"]
[Date "2012.03.01"]
[Round "6"]
[White "Yakupova, Aysyla"]
[Black "Nikulina, Alena"]
[Result "1-0"]
[WhiteElo "2089"]
[BlackElo "2069"]
[PlyCount "131"]
[EventDate "2012.02.25"]
[EventType "swiss"]
[EventRounds "9"]
[EventCountry "RUS"]
[SourceTitle "EXT 2014"]
[Source "ChessBase"]
[SourceDate "2013.11.20"]
[SourceVersion "1"]
[SourceVersionDate "2013.11.20"]
[SourceQuality "1"]

1. e4 c5 2. Nf3 Nc6 3. d4 cxd4 4. Nxd4 Nf6 5. Nc3 e5 6. Ndb5 d6 7. Bg5 a6 8. Bxf6 gxf6 9. Na3 b5 10. Nd5 f5 11. g3 fxe4 12. Bg2 Bf5 13. c3 Bg7 14. Qe2 Ne7 15. Nxe7 Kxe7 16. Bxe4 Bxe4 17. Qxe4 d5 18. Qg4 Bf6 19. Rd1 Qd6 20. Nc2 h5 21. Qf3 d4 22. Ne3 Qd8 23. cxd4 exd4 24. Nd5+ Ke6 25. Nf4+ Ke7 26. 0-0 Kf8 27. Nxh5 Rh6 28. Nxf6 Rxf6 29. Qh5 Kg7 30. Qg4+ Rg6 31. Qxd4+ Qxd4 32. Rxd4 Rc8 33. Rfd1 Rc2 34. R1d2 Rcc6 35. Kg2 Rge6 36. g4 Rg6 37. h4 Rge6 38. Kg3 Rc1 39. Rd6 Re4 40. f3 Ra4 41. a3 a5 42. Ra6 Rb1 43. Ra7 Rg1+ 44. Kh2 Rb1 45. Rdd7 Rxb2+ 46. Kg3 Re2 47. Rxf7+ Kg8 48. Rfb7 Re8 49. Rxb5 Rxa3 50. Rbxa5 Rb3 51. Ra8 Rxa8 52. Rxa8+ Kg7 53. Ra6 Rc3 54. g5 Rc5 55. Kg4 Rc1 56. h5 Rg1+ 57. Kf5 Rb1 58. h6+ Kh7 59. Ra7+ Kh8 60. g6 Rb5+ 61. Kg4 Rb8 62. f4 Rc8 63. Kg5 Rb8 64. Rf7 Kg8 65. h7+ Kh8 66. Kh6 1-0

[Event "Urals-ch (Women)"]
[Site "Russia"]
[Date "2012.02.26"]
[Round "2"]
[White "Yakupova, Aysyla"]
[Black "Chigaeva, Anastasia"]
[Result "1-0"]
[WhiteElo "2089"]
[BlackElo "1930"]
[PlyCount "115"]
[EventDate "2012.02.25"]
[EventType "swiss"]
[EventRounds "9"]
[EventCountry "RUS"]
[SourceTitle "EXT 2014"]
[Source "ChessBase"]
[SourceDate "2013.11.20"]
[SourceVersion "1"]
[SourceVersionDate "2013.11.20"]
[SourceQuality "1"]

1. d4 Nf6 2. c4 g6 3. Nc3 Bg7 4. e4 d6 5. Nf3 0-0 6. Be2 e5 7. Be3 Ng4 8. Bg5 f6 9. Bh4 g5 10. Bg3 Nh6 11. dxe5 dxe5 12. Qc2 c6 13. Nd2 f5 14. f3 Na6 15. 0-0-0 Qe7 16. Kb1 Nc5 17. Nb3 Ne6 18. Bd3 Nf4 19. Bf2 b6 20. Be3 Be6 21. Rhe1 Rad8 22. Bf1 Rxd1+ 23. Rxd1 fxe4 24. fxe4 Ng4 25. Bg1 Rd8 26. c5 b5 27. Na5 Rxd1+ 28. Qxd1 Qc7 29. b4 Bf8 30. g3 Ng6 31. Bh3 h5 32. Qd2 Be7 33. Be3 Kh7 34. Bxg5 Bxg5 35. Qxg5 Qd7 36. Qxh5+ Kg7 37. Bxg4 Bxg4 38. Qg5 Bf3 39. Qe3 Bg4 40. Kc2 Qd4 41. Qxd4 exd4 42. Nb1 Ne5 43. Nd2 Kf6 44. Nab3 d3+ 45. Kc3 Be2 46. Na5 Ke6 47. Kd4 a6 48. h3 Kf6 49. Nb7 Nf7 50. Nd6 Ng5 51. e5+ Ke6 52. h4 Nh7 53. N6e4 Nf8 54. Nf2 Kf5 55. Nxd3 Ne6+ 56. Ke3 Bxd3 57. Kxd3 Kxe5 58. Nf3+ 1-0

[Event "RUS-chT (Women) 12th"]
[Site "Olginka"]
[Date "2011.04.17"]
[Round "2"]
[White "Yakupova, Aysyla"]
[Black "Gromova, Iulia"]
[Result "1/2-1/2"]
[WhiteElo "2115"]
[BlackElo "2214"]
[PlyCount "74"]
[EventDate "2011.04.16"]
[EventType "team-tourn"]
[EventRounds "7"]
[EventCountry "RUS"]
[SourceTitle "EXT 2020"]
[Source "ChessBase"]
[SourceDate "2019.10.17"]
[SourceVersion "1"]
[SourceVersionDate "2019.10.17"]
[SourceQuality "1"]
[WhiteTeam "Khanty Mansiysk Yugra (W)"]
[BlackTeam "St Petersburg Mikhail Chigorin (W)"]
[WhiteTeamCountry "RUS"]
[BlackTeamCountry "RUS"]

1. e4 c6 2. d4 d5 3. exd5 cxd5 4. Bd3 Nc6 5. c3 Qc7 6. Ne2 Bg4 7. f3 Bd7 8. Bf4 e5 9. dxe5 Nxe5 10. 0-0 Bd6 11. Nd4 Ne7 12. Na3 a6 13. Nac2 N7g6 14. Bg3 Nxd3 15. Bxd6 Qxd6 16. Qxd3 0-0 17. Ne3 Nf4 18. Qd2 Qh6 19. Rad1 Rfe8 20. Ng4 Qd6 21. Nf2 Rad8 22. Nd3 Nxd3 23. Qxd3 Re5 24. Rfe1 Rde8 25. Qd2 h6 26. Rxe5 Qxe5 27. Rf1 Bf5 28. Rf2 Qe1+ 29. Qxe1 Rxe1+ 30. Rf1 Rxf1+ 31. Kxf1 Bb1 32. a3 Kf8 33. Ke2 Ke7 34. Ke3 Kd6 35. Kf4 Bd3 36. h4 g6 37. g3 Bb1 1/2-1/2

[Event "RUS-ch (Women) 1st League 61st"]
[Site "Ivanovo"]
[Date "2011.02.24"]
[Round "4"]
[White "Rashitova, Gulnara"]
[Black "Yakupova, Aysyla"]
[Result "0-1"]
[WhiteElo "1828"]
[BlackElo "2132"]
[PlyCount "104"]
[EventDate "2011.02.21"]
[EventType "swiss"]
[EventRounds "9"]
[EventCountry "RUS"]
[SourceTitle "CBM 141 Extra"]
[Source "ChessBase"]
[SourceDate "2011.05.03"]
[SourceVersion "1"]
[SourceVersionDate "2011.05.03"]
[SourceQuality "1"]

1. e4 d6 2. d4 Nf6 3. Nc3 e5 4. dxe5 dxe5 5. Qxd8+ Kxd8 6. Bg5 Be6 7. 0-0-0+ Nbd7 8. Nf3 Kc8 9. Bh4 h6 10. Bg3 Bd6 11. a3 a6 12. Nd2 b5 13. Be2 Kb7 14. Nf1 Bc5 15. h3 c6 16. Nd2 a5 17. Rhf1 Bd6 18. Nb3 Bc7 19. Bh2 b4 20. Na4 Nxe4 21. f3 Nef6 22. Nbc5+ Kc8 23. axb4 axb4 24. b3 Nd5 25. Bg1 Nxc5 26. Bxc5 Nc3 27. Nxc3 bxc3 28. Kb1 Rd8 29. Bb4 Ba5 30. Rxd8+ Kxd8 31. Rd1+ Ke8 32. Bd6 f6 33. Bd3 Bd5 34. Bf5 Bb6 35. f4 e4 36. Bb4 Kf7 37. Bxc3 h5 38. Re1 Re8 39. h4 Bf2 40. Re2 e3 41. Bh3 Bxh4 42. Be1 Bxe1 43. Rxe1 g5 44. fxg5 fxg5 45. g3 Bf3 46. Bf5 Kf6 47. Bd3 g4 48. c4 Kg5 49. Kc2 h4 50. gxh4+ Kxh4 51. Bf1 e2 52. Bxe2 Rxe2+ 0-1

[Event "RUS-ch (Women) 1st League 61st"]
[Site "Ivanovo"]
[Date "2011.02.23"]
[Round "3"]
[White "Yakupova, Aysyla"]
[Black "Sysoykina, Lidia"]
[Result "0-1"]
[WhiteElo "2132"]
[BlackElo "1943"]
[PlyCount "116"]
[EventDate "2011.02.21"]
[EventType "swiss"]
[EventRounds "9"]
[EventCountry "RUS"]
[SourceTitle "CBM 141 Extra"]
[Source "ChessBase"]
[SourceDate "2011.05.03"]
[SourceVersion "1"]
[SourceVersionDate "2011.05.03"]
[SourceQuality "1"]

1. e4 e5 2. Nf3 Nc6 3. Bb5 a6 4. Ba4 Nf6 5. 0-0 Be7 6. Re1 b5 7. Bb3 d6 8. c3 0-0 9. h3 Nb8 10. d4 Nbd7 11. Nbd2 Bb7 12. Bc2 Re8 13. Nf1 Bf8 14. Ng3 g6 15. Bg5 h6 16. Bd2 Bg7 17. Qc1 Kh7 18. Nh2 c5 19. d5 c4 20. Be3 Rc8 21. Qd2 Nc5 22. Rf1 Rc7 23. Rae1 Bc8 24. f4 exf4 25. Rxf4 Rce7 26. Bxc5 dxc5 27. Ref1 Qd6 28. R1f2 Kg8 29. Nhf1 Nd7 30. Re2 Ne5 31. Rff2 Bd7 32. Qf4 b4 33. Qd2 a5 34. Re1 Bb5 35. Ne3 b3 36. axb3 cxb3 37. Bb1 a4 38. Ne2 Bf6 39. g3 Bg7 40. Rc1 Bd7 41. Kg2 Bc8 42. Nf4 Ba6 43. Rd1 Nd7 44. Rc1 Nf6 45. Bd3 c4 46. Bb1 Nxe4 47. Bxe4 Rxe4 48. Ng4 Bb7 49. Rd1 h5 50. Nh2 Bh6 51. Kg1 R4e5 52. Nf3 Re4 53. Nh4 Re3 54. Kh2 Bxf4 55. gxf4 Bc8 56. Ng2 Rxh3+ 57. Kg1 Rd3 58. Qc1 Qxd5 0-1

[Event "Moscow op-F (Women)"]
[Site "Moscow"]
[Date "2011.02.05"]
[Round "8"]
[White "Yakupova, Aysyla"]
[Black "Paramzina, Anastasya"]
[Result "1-0"]
[WhiteElo "2132"]
[BlackElo "1860"]
[PlyCount "59"]
[EventDate "2011.01.29"]
[EventType "swiss"]
[EventRounds "9"]
[EventCountry "RUS"]
[SourceTitle "CBM 140 Extra"]
[Source "ChessBase"]
[SourceDate "2011.03.01"]
[SourceVersion "1"]
[SourceVersionDate "2011.03.01"]
[SourceQuality "1"]

1. c4 e6 2. g3 d5 3. Bg2 Nf6 4. Nf3 c6 5. b3 Nbd7 6. Bb2 Be7 7. 0-0 0-0 8. d3 Re8 9. Nbd2 Qc7 10. Qc2 b6 11. cxd5 exd5 12. d4 Ba6 13. Rfe1 Bb7 14. Ne5 Bd6 15. Nxd7 Qxd7 16. e4 dxe4 17. Nxe4 Be7 18. Rac1 Nd5 19. a3 Rac8 20. b4 Ra8 21. Nd2 Bg5 22. Rcd1 Be7 23. Nc4 f6 24. Be4 g6 25. h4 Qg4 26. Ne3 Nxe3 27. Rxe3 Bd6 28. Rde1 Bf4 29. Bf3 Qxf3 30. Qb3+ 1-0

[Event "Moscow op-F (Women)"]
[Site "Moscow"]
[Date "2011.02.03"]
[Round "6"]
[White "Ivanova, Karina"]
[Black "Yakupova, Aysyla"]
[Result "0-1"]
[WhiteElo "1865"]
[BlackElo "2132"]
[PlyCount "120"]
[EventDate "2011.01.29"]
[EventType "swiss"]
[EventRounds "9"]
[EventCountry "RUS"]
[SourceTitle "CBM 140 Extra"]
[Source "ChessBase"]
[SourceDate "2011.03.01"]
[SourceVersion "1"]
[SourceVersionDate "2011.03.01"]
[SourceQuality "1"]

1. d4 d5 2. c4 e6 3. Nf3 c6 4. Nc3 Nf6 5. e3 Nbd7 6. Bd3 dxc4 7. Bxc4 b5 8. Bd3 a6 9. 0-0 c5 10. b3 Bb7 11. Bb2 Be7 12. a4 b4 13. Nb1 0-0 14. Nbd2 cxd4 15. Nxd4 Nc5 16. Bc4 Qc7 17. N2f3 Rfd8 18. Qe2 Nfe4 19. Rac1 Bf6 20. Rfd1 Qb6 21. Qe1 Nd6 22. Qf1 Nxc4 23. Qxc4 Rac8 24. Qe2 e5 25. Nf5 Nxb3 26. Rxc8 Bxc8 27. e4 Rxd1+ 28. Qxd1 Bxf5 29. Qxb3 Be6 30. Qd1 Bg4 31. h3 Bxf3 32. Qxf3 Qc6 33. Qf5 g6 34. Qf3 Qc2 35. Qxf6 Qxb2 36. Qxa6 Qc3 37. Qb5 b3 38. a5 b2 39. Kh2 Qc1 40. Qe8+ Kg7 41. Qxe5+ Kh6 42. f4 b1Q 43. Qg5+ Kg7 44. Qe5+ Kf8 45. Qh8+ Ke7 46. Qe5+ Kd7 47. Qd5+ Kc8 48. Qa8+ Qb8 49. Qa6+ Qb7 50. Qd6 Qbc7 51. Qa6+ Kb8 52. Qb5+ Ka7 53. Qb6+ Qxb6 54. axb6+ Kxb6 55. Kg3 Qe3+ 56. Kg4 Qxe4 57. g3 h6 58. h4 f6 59. Kh3 Qh1+ 60. Kg4 h5# 0-1

[Event "Olympiad Women-39"]
[Site "Khanty-Mansiysk"]
[Date "2010.09.25"]
[Round "5.12"]
[White "Olsarova, Tereza"]
[Black "Yakupova, Aysyla"]
[Result "1/2-1/2"]
[WhiteElo "2215"]
[BlackElo "2117"]
[PlyCount "71"]
[EventDate "2010.09.21"]
[EventType "team-swiss"]
[EventRounds "11"]
[EventCountry "RUS"]
[SourceTitle "CBM 139"]
[Source "ChessBase"]
[SourceDate "2010.11.18"]
[SourceVersion "1"]
[SourceVersionDate "2010.11.18"]
[SourceQuality "1"]
[WhiteTeam "Czech Republic (W)"]
[BlackTeam "Russia (W) III"]
[WhiteTeamCountry "CZE"]
[BlackTeamCountry "RUS"]

1. e4 e5 2. Nf3 Nc6 3. d4 exd4 4. Nxd4 Nf6 5. Nc3 Bb4 6. Nxc6 bxc6 7. Bd3 d5 8. exd5 cxd5 9. 0-0 0-0 10. Bg5 c6 11. Ne2 h6 12. Bh4 Re8 13. Nd4 Bd7 14. Bf5 Be7 15. Qf3 Ne4 16. Bxd7 Qxd7 17. Nf5 Bf8 18. Rad1 Qb7 19. Qg4 Kh7 20. f3 Nd6 21. Nxd6 Bxd6 22. c4 Qxb2 23. cxd5 cxd5 24. Rxd5 Bf8 25. a4 a5 26. Rd7 Qa2 27. Bf2 Re2 28. Qd4 Rae8 29. Rd1 Bb4 30. Qd3+ Kg8 31. Rd8 Rxd8 32. Qxd8+ Kh7 33. Qd3+ Kg8 34. Qd8+ Kh7 35. Qd3+ Kg8 36. Qd8+ 1/2-1/2

[Event "Moscow op (Women)"]
[Site "Moscow"]
[Date "2009.02.07"]
[Round "8"]
[White "Yakupova, Aysyla"]
[Black "Forova, Tatiana"]
[Result "1-0"]
[WhiteElo "2076"]
[BlackElo "1888"]
[PlyCount "91"]
[EventDate "2009.01.31"]
[EventType "swiss"]
[EventRounds "9"]
[EventCountry "RUS"]
[SourceTitle "EXT 2012"]
[Source "ChessBase"]
[SourceDate "2011.11.24"]
[SourceVersion "1"]
[SourceVersionDate "2011.11.24"]
[SourceQuality "1"]

1. e4 e5 2. Nf3 Nf6 3. Nxe5 d6 4. Nf3 Nxe4 5. Nc3 Nxc3 6. dxc3 Be7 7. Bf4 Nd7 8. Qd2 Nc5 9. 0-0-0 Be6 10. Kb1 Qd7 11. Nd4 0-0-0 12. Nxe6 Nxe6 13. Be3 Kb8 14. Bc4 Bf6 15. f4 c6 16. f5 Nc7 17. Qf2 a6 18. g4 Qe7 19. Rhe1 Be5 20. Qf3 d5 21. Bf1 f6 22. Bg1 c5 23. Qf2 d4 24. cxd4 Rxd4 25. Qf3 Rb4 26. c3 Rb6 27. Qe3 Nb5 28. Ka1 Rc6 29. Rd5 Rhc8 30. h3 Qc7 31. Bg2 Rd6 32. Red1 Rxd5 33. Rxd5 Rd8 34. Qxc5 Qxc5 35. Rxd8+ Qc8 36. Rxc8+ Kxc8 37. Kb1 Kc7 38. Kc2 b6 39. Kd3 Nd6 40. b3 h6 41. c4 b5 42. cxb5 axb5 43. a4 bxa4 44. bxa4 Kc8 45. a5 Nb7 46. a6 1-0

[Event "Moscow op (Women)"]
[Site "Moscow"]
[Date "2009.02.04"]
[Round "5"]
[White "Maksimova, Alisa"]
[Black "Yakupova, Aysyla"]
[Result "0-1"]
[WhiteElo "1895"]
[BlackElo "2076"]
[PlyCount "100"]
[EventDate "2009.01.31"]
[EventType "swiss"]
[EventRounds "9"]
[EventCountry "RUS"]
[SourceTitle "EXT 2012"]
[Source "ChessBase"]
[SourceDate "2011.11.24"]
[SourceVersion "1"]
[SourceVersionDate "2011.11.24"]
[SourceQuality "1"]

1. e4 e5 2. Nf3 Nc6 3. d4 exd4 4. Nxd4 Nf6 5. Nxc6 bxc6 6. e5 Qe7 7. Qe2 Nd5 8. c4 Ba6 9. g3 g6 10. b3 Bg7 11. Bb2 0-0 12. Bg2 Rae8 13. 0-0 Bxe5 14. Qxe5 Qxe5 15. Bxe5 Rxe5 16. cxd5 Bxf1 17. Kxf1 cxd5 18. Nc3 c6 19. Re1 Rfe8 20. Rxe5 Rxe5 21. Ne2 Kf8 22. Ke1 Ke7 23. Kd2 Kd6 24. b4 Re8 25. Nf4 a5 26. a3 axb4 27. axb4 Ra8 28. Nd3 Ra1 29. Ke3 Ra3 30. Bh3 Ra1 31. Nc5 Rb1 32. Nxd7 Rxb4 33. Nf6 h6 34. Bg2 Rb3+ 35. Ke2 h5 36. Nh7 Rb7 37. Ng5 c5 38. Nf3 c4 39. Bf1 Kc5 40. Nd2 Kd4 41. Kd1 Ra7 42. Bg2 Ra2 43. Nf3+ Kc3 44. Ng1 Ra1+ 45. Ke2 d4 46. Nf3 Ra2+ 47. Kf1 d3 48. Bh3 Ra1+ 49. Kg2 d2 50. Nxd2 Kxd2 0-1

[Event "Bykova Memorial op (Women)"]
[Site "Vladimir"]
[Date "2008.12.19"]
[Round "9"]
[White "Bezgodova, Svetlana"]
[Black "Yakupova, Aysyla"]
[Result "1-0"]
[WhiteElo "2225"]
[BlackElo "2022"]
[PlyCount "149"]
[EventDate "2008.12.10"]
[EventType "swiss"]
[EventRounds "9"]
[EventCountry "RUS"]
[SourceTitle "EXT 2010"]
[Source "ChessBase"]
[SourceDate "2010.11.25"]
[SourceVersion "1"]
[SourceVersionDate "2010.11.25"]
[SourceQuality "1"]

1. e4 e5 2. Nf3 Nc6 3. Nc3 Nf6 4. d4 exd4 5. Nxd4 Bb4 6. Nxc6 bxc6 7. Bd3 d5 8. exd5 cxd5 9. 0-0 0-0 10. Bg5 c6 11. Na4 Be6 12. c3 Be7 13. Bc2 Qc7 14. Qd3 g6 15. Qd4 Ng4 16. Bf4 c5 17. Bxc7 cxd4 18. h3 Nf6 19. Be5 dxc3 20. Nxc3 Rfd8 21. Rfd1 Nd7 22. Bd4 Bf6 23. Bb3 Bxd4 24. Rxd4 Nf6 25. Rad1 Rab8 26. g4 g5 27. f4 gxf4 28. Rxf4 Kg7 29. Rfd4 h6 30. Kh2 Kf8 31. R1d2 Ke7 32. Re2 Kf8 33. Kg3 Kg7 34. Kf4 Rd7 35. Ke3 Nh7 36. Kd3 Ng5 37. Re3 Nh7 38. Kc2 Nf6 39. Re5 Rbd8 40. Kb1 Kf8 41. Ba4 Rc7 42. Bb3 Rcd7 43. Bd1 Re7 44. Bf3 Red7 45. Ne2 Re7 46. Nf4 Bxg4 47. Rxe7 Bf5+ 48. Kc1 Kxe7 49. h4 Be6 50. Ra4 Rd7 51. Nd3 Bf5 52. Nb4 Rc7+ 53. Kd2 Kf8 54. Ra6 Ne4+ 55. Ke3 Be6 56. Bxe4 dxe4 57. b3 Bc8 58. Rxh6 Kg7 59. Rc6 Rxc6 60. Nxc6 a6 61. Ne7 Bb7 62. Nf5+ Kg6 63. Kf4 Kh5 64. b4 Bc6 65. a3 Bb7 66. a4 Bc6 67. a5 Bb7 68. Nd6 Bd5 69. Nxe4 Kxh4 70. Ke5 Ba2 71. b5 axb5 72. a6 f5 73. Nc3 b4 74. Nxa2 b3 75. Nc3 1-0

[Event "Khanty-Mansiysk Governor Cup-B 4th"]
[Site "Khanty-Mansiysk"]
[Date "2008.10.22"]
[Round "10"]
[White "Bezgodova, Maria"]
[Black "Yakupova, Aysyla"]
[Result "1/2-1/2"]
[WhiteElo "2098"]
[BlackElo "2022"]
[PlyCount "54"]
[EventDate "2008.10.15"]
[EventType "swiss"]
[EventRounds "11"]
[EventCountry "RUS"]
[SourceTitle "EXT 2022"]
[Source "ChessBase"]
[SourceDate "2021.10.06"]
[SourceVersion "1"]
[SourceVersionDate "2021.10.06"]
[SourceQuality "1"]

1. e4 c5 2. Nf3 Nc6 3. d3 g6 4. Be2 Bg7 5. 0-0 Nf6 6. Nbd2 0-0 7. c3 Rb8 8. Re1 b5 9. Nf1 b4 10. Ng3 d6 11. Bf1 bxc3 12. bxc3 Qa5 13. Qc2 Bg4 14. Bd2 Rb7 15. h3 Bd7 16. Rab1 Rfb8 17. Rxb7 Rxb7 18. Rb1 Qc7 19. d4 Rxb1 20. Qxb1 Qb6 21. Qd3 Bc8 22. Be3 Nd7 23. Qc4 h6 24. a3 Qa5 25. Qb3 Qb6 26. Qc4 Qa5 27. Qb3 Qb6 1/2-1/2

[Event "Khanty-Mansiysk Governor Cup-B 4th"]
[Site "Khanty-Mansiysk"]
[Date "2008.10.20"]
[Round "8"]
[White "Bezgodova, Svetlana"]
[Black "Yakupova, Aysyla"]
[Result "1/2-1/2"]
[WhiteElo "2225"]
[BlackElo "2022"]
[PlyCount "40"]
[EventDate "2008.10.15"]
[EventType "swiss"]
[EventRounds "11"]
[EventCountry "RUS"]
[SourceTitle "EXT 2022"]
[Source "ChessBase"]
[SourceDate "2021.10.06"]
[SourceVersion "1"]
[SourceVersionDate "2021.10.06"]
[SourceQuality "1"]

1. Nf3 Nf6 2. g3 b5 3. Bg2 Bb7 4. 0-0 e6 5. d3 Be7 6. e4 d6 7. c3 c5 8. Qb3 Qb6 9. a4 a6 10. Na3 Nbd7 11. Bf4 Bc6 12. axb5 axb5 13. e5 Nd5 14. Bg5 dxe5 15. Nxb5 Rxa1 16. Rxa1 f6 17. Bd2 Qxb5 18. Qxb5 Bxb5 19. c4 Bc6 20. cxd5 Bxd5 1/2-1/2

[Event "Khanty-Mansiysk Governor Cup-B 4th"]
[Site "Khanty-Mansiysk"]
[Date "2008.10.16"]
[Round "2"]
[White "Yakupova, Aysyla"]
[Black "Churaev, Vadim"]
[Result "1/2-1/2"]
[WhiteElo "2022"]
[BlackElo "2170"]
[PlyCount "56"]
[EventDate "2008.10.15"]
[EventType "swiss"]
[EventRounds "11"]
[EventCountry "RUS"]
[SourceTitle "EXT 2022"]
[Source "ChessBase"]
[SourceDate "2021.10.06"]
[SourceVersion "1"]
[SourceVersionDate "2021.10.06"]
[SourceQuality "1"]

1. e4 c5 2. Nf3 e6 3. d4 a6 4. c3 Qc7 5. Bd3 d6 6. 0-0 Nd7 7. a4 Ngf6 8. Re1 e5 9. dxe5 Nxe5 10. Nxe5 dxe5 11. c4 Be7 12. Nc3 0-0 13. b3 Be6 14. Bb2 Bd6 15. Qe2 Nd7 16. Rad1 Nb8 17. Nd5 Qd8 18. f4 Nc6 19. fxe5 Nxe5 20. h3 Qh4 21. Qf2 Qxf2+ 22. Kxf2 h5 23. Kg1 h4 24. Bb1 Rad8 25. Ne3 Nc6 26. Nf5 Bxf5 27. exf5 Bg3 28. Rf1 Nd4 1/2-1/2

[Event "Khanty-Mansiysk Governor Cup-B 4th"]
[Site "Khanty-Mansiysk"]
[Date "2008.10.15"]
[Round "1"]
[White "Soloviov, Vitalii"]
[Black "Yakupova, Aysyla"]
[Result "0-1"]
[WhiteElo "2026"]
[BlackElo "2022"]
[PlyCount "74"]
[EventDate "2008.10.15"]
[EventType "swiss"]
[EventRounds "11"]
[EventCountry "RUS"]
[SourceTitle "EXT 2022"]
[Source "ChessBase"]
[SourceDate "2021.10.06"]
[SourceVersion "1"]
[SourceVersionDate "2021.10.06"]
[SourceQuality "1"]

1. c4 c5 2. Nc3 Nc6 3. g3 g6 4. Bg2 Bg7 5. Nf3 Nf6 6. 0-0 0-0 7. e3 d6 8. d4 Bf5 9. Re1 Ne4 10. Nh4 Nxc3 11. bxc3 Bd7 12. Rb1 b6 13. Qd3 Rc8 14. Bd2 Na5 15. Rec1 Qc7 16. Bf1 Bc6 17. e4 Bb7 18. Qc2 Ba6 19. dxc5 dxc5 20. Qa4 Qc6 21. Qxc6 Rxc6 22. Bg5 Rc7 23. Bf4 Rd7 24. Bh3 e6 25. Nf3 Bxc4 26. Rb2 Rfd8 27. Nd2 Ba6 28. Bf1 Bxf1 29. Kxf1 Nc6 30. Ke2 Nb4 31. Rxb4 cxb4 32. cxb4 Rd4 33. a3 h6 34. f3 Rd3 35. Nc4 Rb3 36. Bc7 Rd7 37. Ne5 Rxc7 0-1

[Event "RUS-chT U26"]
[Site "Belgorod"]
[Date "2008.10.10"]
[Round "6"]
[White "Yakupova, Aysyla"]
[Black "Cheremnova, Tamara"]
[Result "1-0"]
[WhiteElo "2022"]
[BlackElo "2163"]
[PlyCount "67"]
[EventDate "2008.10.05"]
[EventType "team"]
[EventRounds "9"]
[EventCountry "RUS"]
[SourceTitle "EXT 2010"]
[Source "ChessBase"]
[SourceDate "2010.11.25"]
[SourceVersion "1"]
[SourceVersionDate "2010.11.25"]
[SourceQuality "1"]

1. e4 e5 2. Nf3 Nc6 3. Bb5 a6 4. Ba4 Nf6 5. 0-0 Be7 6. Re1 b5 7. Bb3 d6 8. c3 0-0 9. h3 Nb8 10. d4 Nbd7 11. Nbd2 Bb7 12. Bc2 Re8 13. Nf1 Bf8 14. Ng3 g6 15. Bg5 h6 16. Bd2 c5 17. d5 c4 18. Be3 Nc5 19. Qd2 h5 20. Bh6 Be7 21. Nf5 Bf8 22. Bxf8 Rxf8 23. Qh6 gxf5 24. exf5 Qe7 25. Nh4 Bxd5 26. Re3 Nce4 27. Bxe4 Nxe4 28. Rg3+ Nxg3 29. f6 Ne2+ 30. Kh2 Qxf6 31. Qxf6 Nf4 32. Nf5 Ne6 33. Re1 Bb7 34. Re3 1-0

[Event "RUS-chT U26"]
[Site "Belgorod"]
[Date "2008.10.09"]
[Round "5"]
[White "Yarovov, Grigory"]
[Black "Yakupova, Aysyla"]
[Result "1/2-1/2"]
[WhiteElo "2009"]
[BlackElo "2022"]
[PlyCount "75"]
[EventDate "2008.10.05"]
[EventType "team"]
[EventRounds "9"]
[EventCountry "RUS"]
[SourceTitle "EXT 2010"]
[Source "ChessBase"]
[SourceDate "2010.11.25"]
[SourceVersion "1"]
[SourceVersionDate "2010.11.25"]
[SourceQuality "1"]

1. e4 e5 2. Ne2 Nf6 3. Nbc3 Nc6 4. g3 d5 5. exd5 Nxd5 6. Bg2 Be6 7. d3 Bc5 8. 0-0 a6 9. Ne4 Ba7 10. N2c3 Nxc3 11. bxc3 0-0 12. c4 Qd7 13. Ba3 Rfe8 14. Nc5 Bxc5 15. Bxc5 Rad8 16. Re1 Bg4 17. Qd2 b6 18. Ba3 Nd4 19. Bb2 Nf3+ 20. Bxf3 Bxf3 21. Re3 Bb7 22. f3 f6 23. Rae1 Qc6 24. Qe2 Qa4 25. a3 Bc6 26. g4 g5 27. Qf2 Qa5 28. h4 h6 29. Qh2 Qc5 30. Kg2 Qf8 31. hxg5 hxg5 32. Rh1 Qg7 33. Re2 Re7 34. Kg3 Be8 35. Qg1 Bg6 36. Qe3 Qf8 37. Reh2 Rh7 38. Rxh7 1/2-1/2

[Event "RUS-ch (Women) 1st League 58th"]
[Site "Smolensk"]
[Date "2008.03.06"]
[Round "9"]
[White "Yakupova, Aysyla"]
[Black "Repina, Varvara"]
[Result "0-1"]
[WhiteElo "2003"]
[BlackElo "2158"]
[PlyCount "150"]
[EventDate "2008.02.27"]
[EventType "swiss"]
[EventRounds "9"]
[EventCountry "RUS"]
[SourceTitle "CBM 123 Extra"]
[Source "ChessBase"]
[SourceDate "2008.05.06"]
[SourceVersion "1"]
[SourceVersionDate "2008.05.06"]
[SourceQuality "1"]

1. e4 c5 2. Nf3 d6 3. c3 Nf6 4. h3 Nbd7 5. Bd3 b6 6. 0-0 Bb7 7. Re1 Qc7 8. Bc2 Rc8 9. d3 g6 10. Bf4 Bg7 11. Qd2 0-0 12. Bh6 e5 13. Na3 Rfe8 14. Bxg7 Kxg7 15. Rad1 a6 16. Nc4 b5 17. Ne3 h6 18. Bb1 Nb6 19. Nh4 Rh8 20. Nf1 Rce8 21. Ng3 d5 22. exd5 Bxd5 23. d4 Nc4 24. Qe2 e4 25. b3 Na3 26. Qd2 Nxb1 27. Rxb1 c4 28. b4 Kh7 29. Nf1 Rd8 30. g3 Nh5 31. Ng2 f5 32. h4 Rhf8 33. Nf4 Nxf4 34. Qxf4 Qxf4 35. gxf4 g5 36. hxg5 hxg5 37. fxg5 Rg8 38. Re3 Rxg5+ 39. Rg3 Rdg8 40. Re1 f4 41. Rxg5 Rxg5+ 42. Kh2 Rh5+ 43. Kg1 e3 44. fxe3 Rh1+ 45. Kf2 Rh3 46. e4 Bf7 47. Rc1 Bg6 48. e5 Be4 49. Re1 Bc6 50. e6 Rxc3 51. e7 Be8 52. Re4 Rc2+ 53. Kf3 Rc1 54. Nd2 c3 55. Nb3 Rb1 56. Re2 Rf1+ 57. Kg2 Rd1 58. Kf3 Rf1+ 59. Kg2 Rb1 60. Kf3 Rb2 61. d5 Kg7 62. Rxb2 cxb2 63. Nd2 Kf6 64. Kxf4 Kxe7 65. Ke5 Bg6 66. d6+ Kd7 67. Kd5 b1Q 68. Nxb1 Bxb1 69. a3 Bd3 70. Kc5 Be4 71. Kb6 Kxd6 72. Kxa6 Bc6 73. Ka5 Be8 74. a4 bxa4 75. b5 a3 0-1